Pokémon Café ReMix: Les Pokémon disponibles - Statistiques

Statistiques générales
  • Ce quiz a été pris 31 fois
    12 depuis la dernière actualisation
  • Le résultat moyen est 30 sur 67
Statistiques - réponses
Pokémon % Correct
Bulbizarre
100%
Carapuce
100%
Pikachu
100%
Pikachu Chromatique
100%
Salamèche
100%
Evoli
80%
Evoli Chromatique
80%
Mew
80%
Pichu
80%
Tiplouf
80%
Lucario
70%
Rondoudou
70%
Celebi
60%
Celebi Chromatique
60%
Miaouss
60%
Ouisticram
60%
Togepi
60%
Chinchidou
50%
Chinchidou Chromatique
50%
Cupcanaille
50%
Etourmi
50%
Goinfrex
50%
Goinfrex Chromatique
50%
Héricendre
50%
Kirlia
50%
Moustillon
50%
Nanméouïe
50%
Snubbull
50%
Victini
50%
Brindibou
40%
Brindibou Chromatique
40%
Dracolosse
40%
Ectoplasma
40%
Emolga
40%
Leveinard
40%
Mastouffe
40%
Mimiqui
40%
Voltoutou
40%
Candine
30%
Chelours
30%
Chevroum
30%
Dracaufeu
30%
Farfuret
30%
Flambino
30%
Larméléon
30%
Mesmérella
30%
Mustebouée
30%
Négapi
30%
Noadkoko
30%
Ouistempo
30%
Posipi
30%
Ronflex
30%
Torterra
30%
Altaria
20%
Amphinobi
20%
Carchacrok
20%
Chapotus
20%
Farfaduvet
20%
Goupix
20%
Goupix d'Alola
20%
Joliflor
20%
Ludicolo
20%
Psykokwak
20%
Qulbutoke
20%
Rongrigou
20%
Simularbre
20%
Ramoloss
10%
Aucun quiz correspondant
Distribution des résultats
% des personnes avec chaque résultat
Percentile par nombre de réponses
Votre historique - résultats
Vous n’avez pas pris ce quiz depuis la dernière actualisation